• 首页
  • 本馆介绍
  • 公告通知
  • 最新文献
  • 馆藏检索
  • 电子资源
  • 读者导购
  • 参考咨询
  • 我的图书馆
  • 登录
  • 详细信息显示
  • 放入我的书架
  • 预约/预借图书
  • 作者相关作品
  • 分类相关作品
  • 丛书相关作品
  • 出版社相关作品

书目信息

  • 表格格式
  • 工作单格式
  • 卡片格式
题名:
寻找化石的人
    
 
作者: 斯腾伯格 著 ;和毓明 译
分册:  
出版信息: 北京   中国大地出版社  2020.04
页数: 190页
开本: 24cm
丛书名:
单 册:
中图分类: Q911.21
科图分类:
主题词: 化石--hua shi--采集--普及读物
电子资源:
ISBN: 978-7-5200-0519-7
000 00922nam0 2200241 450
001 0109110151
005 20201109110337.0
010    @a978-7-5200-0519-7@dCNY42.00
100    @a20200610d2020 em y0chiy50 ea
101 1  @achi@ceng
102    @aCN@b110000
105    @aa z 000yy
106    @ar
200 1  @a寻找化石的人@Axun zhao hua shi de ren@f(美)查尔斯·H.斯腾伯格著@g和毓明译
210    @a北京@c中国大地出版社@d2020.04
215    @a190页@c图,照片@d24cm
330    @a本书介绍化石猎人的职业生涯及其探险精神,充满了冒险、自我牺牲的品质,值得所有热爱大自然的人永久记录和认可。内容包括:早期在白垩纪达科他组的工作;第一次探索堪萨斯白垩(1876年)等。
606 0  @a化石@Ahua shi@x采集@j普及读物
690    @aQ911.21@v5
701  0 @c(美)@a斯腾伯格@Asi teng bo ge@c(Sternberg, Charles Hazelius@f1850-1943)@4著
702  0 @a和毓明@Ahe yu ming@4译
801  0 @aCN@bBJSZM@c20201103
905    @b1213893-4@dQ911.21@e34@f2
    
    寻找化石的人/(美)查尔斯·H.斯腾伯格著/和毓明译.-北京:中国大地出版社,2020.04
    190页:图,照片;24cm
    
    
    ISBN 978-7-5200-0519-7:CNY42.00
    本书介绍化石猎人的职业生涯及其探险精神,充满了冒险、自我牺牲的品质,值得所有热爱大自然的人永久记录和认可。内容包括:早期在白垩纪达科他组的工作;第一次探索堪萨斯白垩(1876年)等。
●
相关链接 在E读中查询图书 在五车中查询图书 在当当中查询图书 在豆瓣中查询图书


正题名:寻找化石的人     索取号:Q911.21/34         预约/预借

序号 登录号 条形码 馆藏地/架位号 状态 备注
1 1213893   212138934   第二样本阅览室/ [索取号:Q911.21/34] 在馆    
2 1213894   212138943   第三借阅区/ [索取号:Q911.21/34] 在馆    
唐山师范学院图书馆 欢迎您!
大连网信软件有限公司© 版权所有